00799nam a22002417a 4500008004100000010001400041020003600055020003200091035001300123037001500136040001800151082001200169245009000181250001200271260004500283270003800328300002300366500005100389505004000440650001800480650003700498700002200535081205t xxu||||| |||| 00| 0 eng d aENG-92046 c700.00a9788190465304 (series)  c700.00a9788190465311 (V.1) aEN-75579 bDBAD / PUB adplbEnglish  a305.562 aDalits in contemporary India :cedited by Nandu Ram bdiscrimination and discontent / a1st ed. aNew Delhi bSiddhant Publicationsc2008- a62-A, MunirkabNew Delhi e110067 av. <1>c22cm (Hb)  aIncludes bibliographical references and index. av.1- Discrimination and discontent. aDalitszIndia aDalitszIndiaxSocial conditions aNandu Ram, 1946-